|
|
|
|
| LEADER |
00979nam#a22002895a#4500 |
| 001 |
018717 |
| 005 |
20160721154521.0 |
| 008 |
070524s1999####ag#######b####000#0#spa#d |
| 020 |
|
|
|a 9506550263
|
| 040 |
|
|
|a AR-beUNQ
|
| 082 |
0 |
4 |
|a 579.2
|2 21
|
| 100 |
1 |
|
|a Paglini, Severo
|
| 245 |
0 |
2 |
|a Virus receptores y correceptores celulares
|c Severo Paglini; [colaboradores] Aldo R. Eynard, Reyna Olga Calderón.
|
| 260 |
|
|
|a Buenos Aires :
|b CTM Servicios Bibliográficos,
|c 1999.
|
| 300 |
|
|
|a 97 p. :
|b il., gráficos ;
|c 23 cm.
|
| 504 |
|
|
|a Bibliografía: p.85-97.
|
| 650 |
|
7 |
|a Virus
|2 Spines
|
| 650 |
|
7 |
|a Células
|2 Spines
|
| 650 |
|
7 |
|a Morfología celular
|2 Spines
|
| 650 |
|
7 |
|a Elementos subcelulares
|2 Spines
|
| 650 |
|
7 |
|a Membrana celular
|2 Spines
|
| 653 |
|
|
|a Receptores celulares
|
| 700 |
1 |
|
|a Eynard, Aldo R
|4 clb
|
| 700 |
1 |
|
|a Calderón, Reyna O
|4 clb
|
| 929 |
|
|
|a CANJE
|b Bca. Mayor. Univ. Nac. de Cordoba
|d 0,00
|e 20050204
|f PAT0020547
|j 40224
|
| 942 |
|
|
|c LIB
|n 0
|
| 999 |
|
|
|c 18715
|d 94102
|